[Event "I. CLANSKA LIGA ZAHOD 2024"]
[Site "Komenda"]
[Date "2024.10.25"]
[Round "7.5"]
[White "Brezovar, Matjaz"]
[Black "Feinig, Mario"]
[Result "1/2-1/2"]
[WhiteElo "2182"]
[BlackElo "2247"]
[PlyCount "124"]
[EventDate "2024.09.27"]
[WhiteTeam "SK DOLENJSKE TOPLICE"]
[BlackTeam "SK STARI MAYR KRANJ"]

1. g3 d5 2. Nf3 c5 3. Bg2 Nc6 4. d4 Nf6 5. O-O e6 6. c4 dxc4 7. dxc5 Qxd1 8.
Rxd1 Bxc5 9. Nbd2 c3 10. bxc3 O-O 11. Nb3 Be7 12. Nbd4 Nxd4 13. cxd4 Nd5 14.
Bd2 f5 15. Ne5 b6 16. Bxd5 exd5 17. Rab1 Ba6 18. e3 Rfc8 19. Rdc1 Bd6 20. Rxc8+
Rxc8 21. Bb4 Bxe5 22. dxe5 Kf7 23. Rb3 Rc1+ 24. Kg2 Bc4 25. Rb2 Bf1+ 26. Kf3
Ke6 27. Bf8 g5 28. Bh6 g4+ 29. Kf4 Rc4+ 30. Kg5 Kxe5 31. Bg7+ Ke4 32. Rd2 Bd3
33. Kh6 Rc2 34. Rxc2 Bxc2 35. Kxh7 Kf3 36. Kg8 Kxf2 37. Bd4 Kg2 38. Kf7 Kxh2
39. Be5 Kg2 40. Ke6 Be4 41. Bf4 Kf3 42. Ke5 Ke2 43. Kd4 Kd2 44. a4 a6 45. Bc7
b5 46. axb5 axb5 47. Kc5 Kxe3 48. Kxb5 Bd3+ 49. Kb4 Ba6 50. Kc3 d4+ 51. Kc2 Ke2
52. Bf4 Bb5 53. Kc1 Ba4 54. Be5 Ke3 55. Bf4+ Kd3 56. Be5 Kc3 57. Bf4 Bb3 58.
Be5 Kd3 59. Bf4 Ke2 60. Be5 d3 61. Bf4 Ba4 62. Bd2 Kf3 1/2-1/2

[Event "I. CLANSKA LIGA ZAHOD 2024"]
[Site "Komenda"]
[Date "2024.10.25"]
[Round "7.5"]
[White "Djuric, Petar"]
[Black "Luzar, Emil"]
[Result "1/2-1/2"]
[WhiteElo "2186"]
[BlackElo "2116"]
[PlyCount "91"]
[EventDate "2024.09.27"]
[WhiteTeam "SK STARI MAYR KRANJ"]
[BlackTeam "SK DOLENJSKE TOPLICE"]

1. c4 Nf6 2. Nc3 g6 3. Nf3 Bg7 4. g3 O-O 5. Bg2 d6 6. O-O c6 7. d3 e5 8. c5 Re8
9. cxd6 Qxd6 10. Qb3 Na6 11. Be3 Qb4 12. Qxb4 Nxb4 13. Rac1 e4 14. dxe4 Nxe4
15. Nxe4 Rxe4 16. Ng5 Re8 17. a3 Nd5 18. Bxd5 cxd5 19. Rfd1 Bxb2 20. Rc2 Bf6
21. h4 Be6 22. Rc7 b6 23. Nxe6 fxe6 24. Rdc1 Re7 25. Rxe7 Bxe7 26. a4 Bd6 27.
Rc6 Rd8 28. a5 bxa5 29. Ra6 Rd7 30. Bxa7 Bb4 31. Bb6 Kf7 32. Bxa5 Bxa5 33. Rxa5
Kf6 34. Kg2 Rb7 35. e3 h5 36. Ra4 Rc7 37. Ra8 Rd7 38. Kf3 Rb7 39. Rf8+ Kg7 40.
Rd8 Rb2 41. Rd6 Kf6 42. Rd8 Rb7 43. Rf8+ Kg7 44. Rd8 Kf6 45. Rf8+ Kg7 46. Rd8
1/2-1/2

[Event "I. CLANSKA LIGA ZAHOD 2024"]
[Site "Komenda"]
[Date "2024.10.25"]
[Round "7.5"]
[White "Stubljar, Andrej"]
[Black "Mircic, Ivan"]
[Result "1/2-1/2"]
[WhiteElo "2017"]
[BlackElo "2208"]
[PlyCount "79"]
[EventDate "2024.09.27"]
[WhiteTeam "SK DOLENJSKE TOPLICE"]
[BlackTeam "SK STARI MAYR KRANJ"]

1. d4 d5 2. c4 e6 3. Nc3 c5 4. e3 Nf6 5. Nf3 Be7 6. a3 dxc4 7. Bxc4 Nc6 8. O-O
O-O 9. dxc5 Qxd1 10. Rxd1 Bxc5 11. b4 Bb6 12. Bb2 a6 13. Rac1 h6 14. Ne2 Ne7
15. Nf4 Rd8 16. Bxf6 gxf6 17. Nh5 f5 18. e4 fxe4 19. Nf6+ Kg7 20. Nxe4 Bd7 21.
Be2 Ba4 22. Rd6 Bc6 23. Rxd8 Rxd8 24. Nc5 Rd5 25. Bc4 Rd6 26. Ne5 Bxc5 27. bxc5
Rd2 28. Kf1 Kf6 29. Re1 Rc2 30. h4 h5 31. g4 hxg4 32. Nxg4+ Kg7 33. Ne5 Nd5 34.
Bxa6 bxa6 35. Nxc6 Rxc5 36. Nd4 Rc3 37. a4 Rh3 38. Re4 Nf6 39. Nxe6+ fxe6 40.
Rxe6 1/2-1/2

[Event "I. CLANSKA LIGA ZAHOD 2024"]
[Site "Komenda"]
[Date "2024.10.25"]
[Round "7.5"]
[White "Kersic, Matej"]
[Black "Pucelj, Joze"]
[Result "1/2-1/2"]
[WhiteElo "2082"]
[BlackElo "1986"]
[PlyCount "104"]
[EventDate "2024.09.27"]
[WhiteTeam "SK STARI MAYR KRANJ"]
[BlackTeam "SK DOLENJSKE TOPLICE"]

1. e4 e6 2. d4 d5 3. Nc3 Bb4 4. e5 Ne7 5. Bd2 c5 6. a3 Bxc3 7. Bxc3 b6 8. Nf3
Nbc6 9. b4 Qc7 10. bxc5 bxc5 11. dxc5 Ng6 12. Bb5 Bd7 13. Bxc6 Bxc6 14. O-O O-O
15. Bd4 Rfb8 16. Qd2 Rb5 17. h4 Nf8 18. Qe3 Rab8 19. Nd2 a5 20. Rfb1 Nd7 21.
Qc3 R8b7 22. Rb3 a4 23. Rb4 Rxb4 24. axb4 Bb5 25. f4 Nb8 26. Nb1 Na6 27. Qd2
Qc6 28. c3 Nc7 29. Qc2 Ra7 30. Na3 Bc4 31. f5 exf5 32. Qxf5 Ne6 33. Rd1 Bb3 34.
Rd2 Bc4 35. Qg4 h6 36. Qf3 Qe8 37. g3 Ra6 38. Kh2 Nc7 39. Rd1 Nb5 40. Ra1 Nxa3
41. Rxa3 Re6 42. Qd1 Bb3 43. Rxb3 axb3 44. Qxb3 f6 45. Qxd5 fxe5 46. Be3 Kf7
47. Qb7+ Re7 48. Qf3+ Kg8 49. Qd5+ Kh7 50. c6 Qg6 51. b5 Qg4 52. Bc5 e4 1/2-1/2

[Event "I. CLANSKA LIGA ZAHOD 2024"]
[Site "Komenda"]
[Date "2024.10.25"]
[Round "7.5"]
[White "Janko, Roman"]
[Black "Dezelak, Brane"]
[Result "0-1"]
[WhiteElo "1917"]
[BlackElo "2004"]
[PlyCount "118"]
[EventDate "2024.09.27"]
[WhiteTeam "SK DOLENJSKE TOPLICE"]
[BlackTeam "SK STARI MAYR KRANJ"]

1. e4 c5 2. c4 Nc6 3. Nc3 g6 4. d3 Bg7 5. Be2 d6 6. Nf3 Bg4 7. O-O Nf6 8. Be3
O-O 9. Nh4 Bxe2 10. Qxe2 Nd4 11. Bxd4 cxd4 12. Nb5 Nd7 13. g3 a6 14. Na3 Bf6
15. Ng2 Re8 16. f4 e6 17. b4 Bg7 18. Rfc1 Rc8 19. Rab1 Nb6 20. Qd1 Qd7 21. b5
a5 22. Rb2 Qc7 23. Rf2 Nd7 24. Rb1 b6 25. Qf3 Qc5 26. Nc2 Nf6 27. Re1 Nd7 28.
h3 Qc7 29. g4 Nc5 30. Ree2 Qb7 31. Nge1 Rf8 32. Kg2 Rcd8 33. Kg3 Nd7 34. h4 f5
35. exf5 Qxf3+ 36. Nxf3 exf5 37. Nfxd4 Nc5 38. Rf3 fxg4 39. Kxg4 Rde8 40. Rfe3
Rxe3 41. Rxe3 h5+ 42. Kg3 Bh6 43. Ne2 Kf7 44. d4 Nd7 45. d5 Rc8 46. Na3 Bg7 47.
Nc3 Bd4 48. Ne4 Bc5 49. Nxc5 Nxc5 50. Kf3 Rc7 51. Nc2 Na4 52. Re4 Nc3 53. Rd4
Nxa2 54. Ke3 Re7+ 55. Kd3 Nb4+ 56. Nxb4 axb4 57. Kc2 Re3 58. Kb2 Kf6 59. Rd2
Kf5 0-1

[Event "I. CLANSKA LIGA ZAHOD 2024"]
[Site "Komenda"]
[Date "2024.10.25"]
[Round "7.5"]
[White "Skok, Boris"]
[Black "Voglar, Peter"]
[Result "1/2-1/2"]
[WhiteElo "1956"]
[BlackElo "1858"]
[Annotator "Franc,Poglajen"]
[PlyCount "88"]
[EventDate "2024.09.27"]
[WhiteTeam "SK STARI MAYR KRANJ"]
[BlackTeam "SK DOLENJSKE TOPLICE"]

1. d4 Nf6 2. c4 d5 3. cxd5 Qxd5 4. Nc3 Qd8 5. e4 c6 6. Nf3 Bg4 7. Be3 e6 8. Be2
Bb4 9. Qc2 O-O 10. O-O Nbd7 11. Rfd1 Rc8 12. a3 Bxc3 13. bxc3 Qc7 14. c4 Bxf3
15. Bxf3 e5 16. Rab1 b6 17. h3 Rfe8 18. Re1 h6 19. Rbd1 exd4 20. Bxd4 c5 21.
Bc3 Ne5 22. Be2 Rcd8 23. f4 Nc6 24. e5 Nh7 25. Qe4 Nf8 26. Bf3 Nd4 27. Bxd4
cxd4 28. Be2 Qc5 29. Qd3 Qe7 30. Bf3 Qh4 31. Bg4 Ne6 32. Bxe6 fxe6 33. Re4 Qe7
34. Kh2 Rd7 35. Rxd4 Rxd4 36. Qxd4 Qxa3 37. Qd7 Re7 38. Qd8+ Kf7 39. Rd3 Qc5
40. Rg3 Qxc4 41. Rxg7+ Kxg7 42. Qxe7+ Kg8 43. Qe8+ Kg7 44. Qe7+ Kg8 1/2-1/2

[Event "I. CLANSKA LIGA ZAHOD 2024"]
[Site "Komenda"]
[Date "2024.10.26"]
[Round "8.1"]
[White "Brcar, Ales"]
[Black "Feinig, Mario"]
[Result "1/2-1/2"]
[WhiteElo "2182"]
[BlackElo "2247"]
[PlyCount "73"]
[EventDate "2024.09.27"]
[WhiteTeam "SK TREBNJE BMP"]
[BlackTeam "SK STARI MAYR KRANJ"]

1. e4 c6 2. d4 d5 3. exd5 cxd5 4. Bd3 Nc6 5. c3 Nf6 6. h3 e5 7. dxe5 Nxe5 8.
Nf3 Nxd3+ 9. Qxd3 Bd6 10. O-O O-O 11. Be3 Re8 12. Nbd2 h6 13. Rad1 b6 14. Nd4
Bb7 15. Nf5 Bf8 16. Bd4 Ne4 17. Nxe4 dxe4 18. Qg3 Qg5 19. Qxg5 hxg5 20. Be3 Ba6
21. Rfe1 f6 22. g4 g6 23. Ng3 Re6 24. Rd7 Bb5 25. Rb7 Bd6 26. Ne2 Bc6 27. Nd4
Bxb7 28. Nxe6 Kf7 29. Nd4 Rh8 30. Kg2 Be5 31. Nb5 a6 32. Rd1 Ke7 33. Na3 b5 34.
Nc2 Rc8 35. a3 Rc7 36. Rd2 Rc8 37. Rd1 1/2-1/2

[Event "I. CLANSKA LIGA ZAHOD 2024"]
[Site "Komenda"]
[Date "2024.10.26"]
[Round "8.1"]
[White "Djuric, Petar"]
[Black "Opara, Jan"]
[Result "1/2-1/2"]
[WhiteElo "2186"]
[BlackElo "2072"]
[PlyCount "115"]
[EventDate "2024.09.27"]
[WhiteTeam "SK STARI MAYR KRANJ"]
[BlackTeam "SK TREBNJE BMP"]

1. Nf3 Nf6 2. c4 e6 3. g3 b6 4. Bg2 Bb7 5. O-O Be7 6. Nc3 O-O 7. d3 d5 8. Bf4
a6 9. cxd5 Nxd5 10. Nxd5 Bxd5 11. Rc1 c5 12. e4 Bb7 13. Qb3 Nc6 14. Rfd1 g5 15.
Be3 g4 16. Ne1 e5 17. Rd2 Bc8 18. Qd1 Bg5 19. Nc2 Be6 20. Bxg5 Qxg5 21. Ne3 Nd4
22. Qa4 a5 23. b3 h5 24. Qa3 h4 25. Qb2 h3 26. Bh1 Rad8 27. Re1 Rd6 28. Qc1
Rfd8 29. Rdd1 Qf6 30. Rd2 Qg5 31. Rdd1 Qf6 32. Rd2 Kg7 33. Qd1 Qg5 34. Qc1 Kf8
35. Qd1 R6d7 36. Qc1 Bxb3 37. Qb1 Be6 38. Qxb6 c4 39. Qxa5 cxd3 40. Nd5 Bxd5
41. exd5 Qf5 42. Qa3+ Kg7 43. Qxd3 Qxd3 44. Rxd3 Rc7 45. Kf1 f6 46. Rd2 Rc3 47.
Rb2 Rd6 48. Rbb1 Rc2 49. Re4 f5 50. Rxe5 Ra6 51. Rd1 Kf6 52. Re8 Nb5 53. Rde1
Raxa2 54. R1e6+ Kf7 55. R8e7+ Kf8 56. Re8+ Kf7 57. R8e7+ Kf8 58. Re8+ 1/2-1/2

[Event "I. CLANSKA LIGA ZAHOD 2024"]
[Site "Komenda"]
[Date "2024.10.26"]
[Round "8.1"]
[White "Marinsek, Tomaz"]
[Black "Mircic, Ivan"]
[Result "1-0"]
[WhiteElo "2094"]
[BlackElo "2208"]
[PlyCount "58"]
[EventDate "2024.09.27"]
[WhiteTeam "SK TREBNJE BMP"]
[BlackTeam "SK STARI MAYR KRANJ"]

1. e4 c5 2. Nf3 e6 3. d4 cxd4 4. Nxd4 a6 5. Bd3 Nf6 6. a3 d5 7. exd5 Qxd5 8.
O-O Be7 9. Nc3 Qd6 10. Bg5 O-O 11. Nf3 Qc7 12. Qe2 Nc6 13. Rad1 Rd8 14. Rfe1 g6
15. h3 Bd7 16. Bc4 b5 17. Ba2 Rac8 18. Rd2 Na5 19. Red1 Nc4 20. Bxc4 bxc4 21.
Ne4 Nxe4 22. Bxe7 Nxd2 23. Qxd2 f6 24. Bxf6 Rf8 25. Be5 Qc6 26. Qxd7 Qxd7 27.
Rxd7 Rf7 28. Rd6 Re8 29. Rc6 Ref8 1-0

[Event "I. CLANSKA LIGA ZAHOD 2024"]
[Site "Komenda"]
[Date "2024.10.26"]
[Round "8.1"]
[White "Kersic, Matej"]
[Black "Brcar, Andrej"]
[Result "1-0"]
[WhiteElo "2082"]
[BlackElo "2008"]
[PlyCount "135"]
[EventDate "2024.09.27"]
[WhiteTeam "SK STARI MAYR KRANJ"]
[BlackTeam "SK TREBNJE BMP"]

1. e4 e5 2. Nf3 Nc6 3. Bb5 a6 4. Ba4 d6 5. c3 Bd7 6. O-O Nge7 7. d4 Ng6 8. dxe5
dxe5 9. Be3 Be7 10. Bc2 h6 11. Nbd2 Bg5 12. Qe2 Bxe3 13. Qxe3 Be6 14. g3 O-O
15. Kg2 Qe7 16. a3 f5 17. exf5 Bxf5 18. Bxf5 Rxf5 19. Ne4 Kh8 20. Rae1 Raf8 21.
Ng1 Qf7 22. f3 Qc4 23. Rd1 R5f7 24. Qd3 Qxd3 25. Rxd3 b6 26. b4 Rd8 27. Rxd8+
Nxd8 28. Rd1 Nc6 29. a4 Kg8 30. Ne2 Kf8 31. h4 h5 32. Ng5 Re7 33. b5 axb5 34.
axb5 Na7 35. Rd8+ Re8 36. Ne6+ Ke7 37. Rxe8+ Kxe8 38. Nxg7+ Kd7 39. Nxh5 Nxb5
40. Kf2 Ke6 41. Ke3 Nd6 42. f4 Nf5+ 43. Ke4 Nd6+ 44. Kf3 exf4 45. Nhxf4+ Nxf4
46. Kxf4 c5 47. g4 b5 48. h5 b4 49. cxb4 cxb4 50. Nd4+ Kd5 51. Nb3 Ke6 52. g5
Kf7 53. Nc5 Kg7 54. Ne6+ Kf7 55. Nd4 Kg7 56. Ke5 Nf7+ 57. Kf5 Nd6+ 58. Ke6 Ne4
59. g6 Nc5+ 60. Ke7 b3 61. Nf5+ Kg8 62. h6 b2 63. h7+ Kh8 64. Nh6 Kg7 65. Nf7
b1=Q 66. h8=Q+ Kxg6 67. Qh6+ Kf5 68. Qh7+ 1-0

[Event "I. CLANSKA LIGA ZAHOD 2024"]
[Site "Komenda"]
[Date "2024.10.26"]
[Round "8.1"]
[White "Potocnik, Primoz"]
[Black "Bulatovic, Milorad"]
[Result "1-0"]
[WhiteElo "2136"]
[BlackElo "1942"]
[PlyCount "77"]
[EventDate "2024.09.27"]
[WhiteTeam "SK TREBNJE BMP"]
[BlackTeam "SK STARI MAYR KRANJ"]

1. d4 Nf6 2. c4 e6 3. Nc3 d5 4. Nf3 c6 5. e3 Bd6 6. Bd3 Nbd7 7. O-O O-O 8. e4
dxe4 9. Nxe4 Nxe4 10. Bxe4 Nf6 11. Bc2 c5 12. Bg5 cxd4 13. Qxd4 Be7 14. Qh4 g6
15. Rad1 Bd7 16. Ne5 Re8 17. Qf4 Rf8 18. Bxf6 Bxf6 19. Nxd7 Bg5 20. Qf3 Re8 21.
Ne5 Qf6 22. Qxf6 Bxf6 23. f4 Re7 24. Be4 Rc8 25. b3 Rcc7 26. Rfe1 h6 27. Rd8+
Kg7 28. Rb8 g5 29. g3 gxf4 30. gxf4 Bh4 31. Rd1 f5 32. Bf3 Bf6 33. Kf2 b5 34.
Ke3 bxc4 35. bxc4 Bxe5 36. fxe5 Rxc4 37. Rg1+ Kh7 38. Rgg8 Rc3+ 39. Kf2 {
nejasno (54)} 1-0

[Event "I. CLANSKA LIGA ZAHOD 2024"]
[Site "Komenda"]
[Date "2024.10.26"]
[Round "8.1"]
[White "Rici, Jurij"]
[Black "Dimnik, Miha"]
[Result "1-0"]
[WhiteElo "1864"]
[BlackElo "1864"]
[PlyCount "93"]
[EventDate "2024.09.27"]
[WhiteTeam "SK STARI MAYR KRANJ"]
[BlackTeam "SK TREBNJE BMP"]

1. d4 d5 2. Nf3 Nf6 3. e3 g6 4. Bd3 Bg7 5. O-O O-O 6. Re1 c5 7. c3 Nc6 8. Nbd2
Qc7 9. dxc5 a5 10. e4 dxe4 11. Nxe4 Bg4 12. Nxf6+ exf6 13. Be2 Rad8 14. Qa4
Bxf3 15. Bxf3 Ne5 16. Be3 Nxf3+ 17. gxf3 Rd5 18. Rad1 Rh5 19. Rd6 Qe7 20. Qe4
Re5 21. Qd4 Rg5+ 22. Kf1 Re5 23. Bd2 f5 24. Rxe5 Bxe5 25. Rd7 Qf6 26. Qd5 Bxh2
27. Bh6 Re8 28. f4 g5 29. Bxg5 Qe6 30. Qxe6 Rxe6 31. Kg2 h6 32. Kxh2 hxg5 33.
Rxb7 g4 34. Rb6 Re4 35. Kg3 Rc4 36. Rb5 a4 37. Rb4 Rxc5 38. Rxa4 Kg7 39. Rb4
Kg6 40. a4 Rd5 41. Rb5 Rd1 42. a5 Rg1+ 43. Kh2 Ra1 44. Rb6+ Kh5 45. a6 Ra4 46.
b4 Ra3 47. Rc6 1-0

[Event "I. CLANSKA LIGA ZAHOD 2024"]
[Site "Komenda"]
[Date "2024.10.26"]
[Round "8.2"]
[White "Milenkovic, Mladen"]
[Black "Luzar, Emil"]
[Result "1-0"]
[WhiteElo "2295"]
[BlackElo "2116"]
[PlyCount "97"]
[EventDate "2024.09.27"]
[WhiteTeam "SD DOMZALE"]
[BlackTeam "SK DOLENJSKE TOPLICE"]

1. e4 c5 2. Nf3 d6 3. d4 cxd4 4. Nxd4 Nf6 5. Nc3 g6 6. Be3 Bg7 7. f3 O-O 8. Qd2
Nc6 9. O-O-O d5 10. exd5 Nxd5 11. Nxc6 bxc6 12. Bd4 e5 13. Bc5 Be6 14. Ne4 Re8
15. h4 Rb8 16. Bc4 Nc7 17. Qa5 Bd5 18. Bb3 Ne6 19. Qxd8 Rexd8 20. Bxa7 Ra8 21.
Bb6 Rdb8 22. Be3 Nd4 23. Nc3 Bxb3 24. cxb3 Nf5 25. Bd2 Rb4 26. h5 Ng3 27. Ne4
Nxh1 28. Rxh1 Rxa2 29. Kc2 f6 30. g4 Kf7 31. Bxb4 Ra7 32. Rd1 Bf8 33. Bxf8 Kxf8
34. Rd6 Ra6 35. hxg6 hxg6 36. Rxf6+ Kg7 37. Re6 Ra1 38. g5 Rf1 39. Re7+ Kf8 40.
Rxe5 Rxf3 41. b4 Kf7 42. b5 cxb5 43. Rxb5 Ke6 44. Rb6+ Ke5 45. Rxg6 Kxe4 46.
Rg8 Kd5 47. g6 Kc6 48. Kd1 Kb7 49. Ke1 1-0

[Event "I. CLANSKA LIGA ZAHOD 2024"]
[Site "Komenda"]
[Date "2024.10.26"]
[Round "8.2"]
[White "Stubljar, Andrej"]
[Black "Plaskan, Jure"]
[Result "0-1"]
[WhiteElo "2017"]
[BlackElo "2239"]
[PlyCount "94"]
[EventDate "2024.09.27"]
[WhiteTeam "SK DOLENJSKE TOPLICE"]
[BlackTeam "SD DOMZALE"]

1. d4 Nf6 2. c4 c5 3. e3 e6 4. Nc3 Be7 5. Nf3 cxd4 6. exd4 d5 7. c5 O-O 8. Bd3
b6 9. cxb6 Qxb6 10. O-O Ba6 11. Rb1 Nc6 12. Bf4 Rac8 13. Re1 Nb4 14. Be2 Nd7
15. a3 Bxe2 16. Rxe2 Nc6 17. Qa4 Bf6 18. Rd1 a6 19. Rd3 Qa7 20. Qd1 Nb6 21. b4
Nc4 22. Na4 Rfd8 23. g4 Be7 24. g5 Nd6 25. Bxd6 Bxd6 26. Rc2 Ne7 27. Rdc3 a5
28. b5 Rb8 29. b6 Qd7 30. Nc5 Bxc5 31. dxc5 Nc6 32. Nd4 e5 33. Nxc6 Qxc6 34.
Qh5 d4 35. Rh3 Qe4 36. Re2 Qb1+ 37. Kg2 Rd5 38. Rb2 Qe4+ 39. f3 Qf5 40. c6 Rc5
41. f4 Rxc6 42. fxe5 Rc2+ 43. Rxc2 Qxc2+ 44. Kg3 Rxb6 45. Kf4 Re6 46. Qf3 Qc1+
47. Ke4 Qc8 {nejasno (52)} 0-1

[Event "I. CLANSKA LIGA ZAHOD 2024"]
[Site "Komenda"]
[Date "2024.10.26"]
[Round "8.2"]
[White "Debevec, Blaz"]
[Black "Pucelj, Joze"]
[Result "1-0"]
[WhiteElo "2066"]
[BlackElo "1986"]
[PlyCount "107"]
[EventDate "2024.09.27"]
[WhiteTeam "SD DOMZALE"]
[BlackTeam "SK DOLENJSKE TOPLICE"]

1. d4 Nf6 2. c4 c5 3. d5 g6 4. Nc3 Bg7 5. e4 d6 6. Bd3 e6 7. Nf3 exd5 8. exd5
O-O 9. O-O Re8 10. h3 Nfd7 11. Bg5 f6 12. Bf4 Ne5 13. Nxe5 fxe5 14. Be3 Nd7 15.
Qd2 Nf6 16. Rae1 Bd7 17. Bg5 Qc7 18. a4 a6 19. h4 Nh5 20. Ne4 Bf5 21. f3 Rf8
22. g4 Bxe4 23. fxe4 Nf6 24. Qg2 Rf7 25. Be2 Raf8 26. h5 Ne8 27. h6 Bf6 28.
Bxf6 Rxf6 29. g5 Rxf1+ 30. Rxf1 Qe7 31. Rxf8+ Kxf8 32. Qg4 Kf7 33. Kf2 Nc7 34.
Kg3 Qd8 35. Kh4 Ke7 36. Qf3 Qf8 37. Qxf8+ Kxf8 38. a5 Na8 39. Bg4 b6 40. Bc8
bxa5 41. Bxa6 Nb6 42. Bb5 Ke7 43. Kg4 Na8 44. Ba4 Nc7 45. Kf3 Na6 46. Ke3 Nb4
47. Kd2 Kf8 48. Bd7 Na2 49. Bg4 Ke7 50. Be2 Kf8 51. Kc2 Ke7 52. Bf1 a4 53. Be2
Nb4+ 54. Kd2 1-0

[Event "I. CLANSKA LIGA ZAHOD 2024"]
[Site "Komenda"]
[Date "2024.10.26"]
[Round "8.2"]
[White "Janko, Roman"]
[Black "Osolin, Bojan"]
[Result "0-1"]
[WhiteElo "1917"]
[BlackElo "2086"]
[PlyCount "70"]
[EventDate "2024.09.27"]
[WhiteTeam "SK DOLENJSKE TOPLICE"]
[BlackTeam "SD DOMZALE"]

1. e4 e5 2. Bc4 Nc6 3. Qh5 g6 4. Qf3 Qf6 5. c3 Bg7 6. d3 Na5 7. Bb5 a6 8. Ba4
b5 9. Bc2 Bb7 10. b4 Nc6 11. a4 Nge7 12. axb5 axb5 13. Rxa8+ Bxa8 14. Na3 Na7
15. Qxf6 Bxf6 16. Bh6 Nf5 17. Bd2 Bc6 18. Nf3 Ng7 19. Be3 O-O 20. Bb3 Ra8 21.
Nc2 Nc8 22. Ng5 Ne6 23. Nxe6 fxe6 24. Kd2 d5 25. h4 Ra6 26. f3 Nb6 27. Bxb6
Rxb6 28. exd5 Bxd5 29. c4 Bb7 30. cxb5 Kf7 31. Bc4 Be7 32. Re1 Bxh4 33. Rxe5
Bg3 34. Rxe6 Rxe6 35. Nd4 Bc8 0-1

[Event "I. CLANSKA LIGA ZAHOD 2024"]
[Site "Komenda"]
[Date "2024.10.26"]
[Round "8.2"]
[White "Markosek, Maj"]
[Black "Voglar, Peter"]
[Result "0-1"]
[WhiteElo "1986"]
[BlackElo "1858"]
[PlyCount "82"]
[EventDate "2024.09.27"]
[WhiteTeam "SD DOMZALE"]
[BlackTeam "SK DOLENJSKE TOPLICE"]

1. e4 c5 2. Nf3 d6 3. c3 a6 4. d4 cxd4 5. cxd4 e6 6. Nc3 Be7 7. Bd3 b5 8. O-O
Bb7 9. a3 Nf6 10. Re1 h6 11. Bc2 Nbd7 12. Bf4 Nb6 13. Qd3 Rc8 14. Rad1 Nc4 15.
Bc1 Qc7 16. Bb1 Nxa3 17. e5 Nxb1 18. exf6 Nxc3 19. fxg7 Rg8 20. Qh7 Rxg7 21.
Qh8+ Kd7 22. Qxg7 Nxd1 23. Qxf7 Bd5 24. Bxh6 Nxb2 25. Bg5 Re8 26. Rc1 Nc4 27.
h4 Kd8 28. Bh6 Bxf3 29. Qxf3 Bxh4 30. g3 Be7 31. Qa8+ Qc8 32. Qa7 Rh8 33. Bd2
Ke8 34. d5 e5 35. Bg5 Bxg5 36. Qg7 Bxc1 37. Qxh8+ Kd7 38. Qh7+ Kd8 39. Kg2 Qd7
40. Qh8+ Kc7 41. Qa8 Kb6 0-1

[Event "I. CLANSKA LIGA ZAHOD 2024"]
[Site "Komenda"]
[Date "2024.10.26"]
[Round "8.2"]
[White "Janko, Marko"]
[Black "Markosek, Bine"]
[Result "0-1"]
[WhiteElo "1708"]
[BlackElo "1989"]
[PlyCount "58"]
[EventDate "2024.09.27"]
[WhiteTeam "SK DOLENJSKE TOPLICE"]
[BlackTeam "SD DOMZALE"]

1. e4 e5 2. Nf3 Nc6 3. Bc4 Bc5 4. c3 Nf6 5. d3 d6 6. Be3 Bb6 7. Nbd2 O-O 8. O-O
Be6 9. Bb3 d5 10. Bg5 d4 11. c4 h6 12. Bh4 Re8 13. h3 Bc5 14. Ba4 Bd7 15. Qe2
Bd6 16. a3 a5 17. Bb3 g5 18. Nxg5 hxg5 19. Bxg5 Be7 20. f4 Nh7 21. Bxe7 Qxe7
22. Qh5 Kh8 23. fxe5 Nxe5 24. Bc2 Rg8 25. Nf3 Nxf3+ 26. Qxf3 Rg7 27. Rf2 Rag8
28. Raf1 Ng5 29. Qh5+ Rh7 0-1

[Event "I. CLANSKA LIGA ZAHOD 2024"]
[Site "Komenda"]
[Date "2024.10.26"]
[Round "8.3"]
[White "Doric, Darko"]
[Black "Stevanic, David"]
[Result "1-0"]
[WhiteElo "2443"]
[BlackElo "2242"]
[PlyCount "91"]
[EventDate "2024.09.27"]
[WhiteTeam "SK NOVA GORICA"]
[BlackTeam "SK KOCEVJE"]

1. d4 Nf6 2. Nf3 g6 3. Bg5 d5 4. e3 Bg7 5. Nbd2 O-O 6. Be2 b6 7. O-O Bb7 8. c3
Ne4 9. Nxe4 dxe4 10. Nd2 Nd7 11. f3 h6 12. Bh4 exf3 13. Bxf3 Bxf3 14. Qxf3 g5
15. Bg3 e6 16. Qc6 Ne5 17. Bxe5 Bxe5 18. h4 Bg7 19. hxg5 hxg5 20. Rf2 Qe7 21.
e4 e5 22. d5 Rad8 23. Nc4 f5 24. Rxf5 Rxf5 25. exf5 Qf7 26. Ne3 Rd6 27. Qc4 Rh6
28. Rf1 Rh4 29. Qc6 Bf8 30. b4 Bd6 31. f6 Rf4 32. Nf5 Qxf6 33. Qe8+ Kh7 34.
Qh5+ Kg8 35. g4 Bf8 36. Rf2 Rxf2 37. Kxf2 e4 38. Qe8 a5 39. Qe6+ Qxe6 40. dxe6
axb4 41. e7 Bxe7 42. Nxe7+ Kf7 43. Nd5 Ke6 44. Nxc7+ Kd6 45. cxb4 Kxc7 46. a4
1-0

[Event "I. CLANSKA LIGA ZAHOD 2024"]
[Site "Komenda"]
[Date "2024.10.26"]
[Round "8.3"]
[White "Acimovic, Vasja"]
[Black "Herega, Nejc"]
[Result "1/2-1/2"]
[WhiteElo "2287"]
[BlackElo "2196"]
[PlyCount "115"]
[EventDate "2024.09.27"]
[WhiteTeam "SK KOCEVJE"]
[BlackTeam "SK NOVA GORICA"]

1. d4 Nf6 2. c4 e6 3. Nc3 Bb4 4. f3 c5 5. d5 b5 6. e4 d6 7. Bg5 h6 8. Bh4 O-O
9. a3 Ba5 10. Bd3 exd5 11. exd5 bxc4 12. Bxc4 Bxc3+ 13. bxc3 Bf5 14. Bd3 Bxd3
15. Qxd3 Nbd7 16. Ne2 Rb8 17. O-O Rb2 18. Rfb1 Qb6 19. Bxf6 c4+ 20. Bd4 cxd3
21. Bxb6 Rxb1+ 22. Rxb1 Nxb6 23. Nc1 Rc8 24. Nxd3 Rxc3 25. Nb4 Rxa3 26. Nc6
Nxd5 27. Rb8+ Kh7 28. Rb7 a5 29. Rb5 Nf4 30. Rxa5 Rxa5 31. Nxa5 Kg6 32. g3 Ne6
33. Kf2 Kf6 34. Nc6 Nc7 35. Ke3 g6 36. Ke4 Ke6 37. Nd4+ Ke7 38. Nc6+ Kd7 39.
Nb8+ Ke6 40. Nc6 d5+ 41. Kd3 h5 42. h4 f6 43. g4 Kd6 44. gxh5 gxh5 45. Nd4 Ne6
46. Ne2 Ke5 47. Ke3 Ng7 48. f4+ Ke6 49. Nd4+ Kd6 50. Kd3 Ne6 51. Nf5+ Kc5 52.
Ke3 Kc4 53. Nd6+ Kc3 54. Nb5+ Kc4 55. Nd6+ Kc3 56. Nb5+ Kb4 57. Nd6 Kc3 58.
Nb5+ 1/2-1/2

[Event "I. CLANSKA LIGA ZAHOD 2024"]
[Site "Komenda"]
[Date "2024.10.26"]
[Round "8.3"]
[White "Zamar Kodelja, Jurij"]
[Black "Acimovic, Sergej"]
[Result "1/2-1/2"]
[WhiteElo "2239"]
[BlackElo "2120"]
[PlyCount "98"]
[EventDate "2024.09.27"]
[WhiteTeam "SK NOVA GORICA"]
[BlackTeam "SK KOCEVJE"]

1. d4 Nf6 2. c4 g6 3. Nc3 Bg7 4. e4 O-O 5. Be2 d6 6. Be3 e5 7. d5 a5 8. g4 Na6
9. g5 Nd7 10. h4 Ndc5 11. h5 c6 12. Qd2 cxd5 13. cxd5 Bd7 14. f3 a4 15. Rd1 Rb8
16. Nb5 Qb6 17. Na3 Rfc8 18. hxg6 fxg6 19. Nh3 Bf8 20. Nc4 Qb4 21. Qxb4 Nxb4
22. Nb6 Nc2+ 23. Kd2 Nxe3 24. Kxe3 Rd8 25. Nxd7 Rxd7 26. f4 exf4+ 27. Nxf4 Be7
28. Rhg1 Bd8 29. Bg4 Bb6 30. Bxd7 Nxd7+ 31. Ke2 Bxg1 32. Rxg1 Nc5 33. Ke3 Re8
34. Ne6 Nxe6 35. dxe6 Rxe6 36. Kf4 Re7 37. Rd1 Rd7 38. Rd4 a3 39. bxa3 Kf7 40.
Rd5 Ke6 41. Rb5 d5 42. Rb6+ Rd6 43. exd5+ Kxd5 44. Rxb7 Ra6 45. Rxh7 Ra4+ 46.
Kf3 Rxa3+ 47. Kf4 Ra4+ 48. Kf3 Ra3+ 49. Kf4 Ra4+ 1/2-1/2

[Event "I. CLANSKA LIGA ZAHOD 2024"]
[Site "Komenda"]
[Date "2024.10.26"]
[Round "8.3"]
[White "Bajo, Tin"]
[Black "Gregoric, Andraz"]
[Result "0-1"]
[WhiteElo "2007"]
[BlackElo "2175"]
[PlyCount "56"]
[EventDate "2024.09.27"]
[WhiteTeam "SK KOCEVJE"]
[BlackTeam "SK NOVA GORICA"]

1. e4 e5 2. Nf3 Nc6 3. Bc4 Bc5 4. c3 Nf6 5. d3 d6 6. O-O a5 7. Nbd2 O-O 8. h3
Ba7 9. Re1 Ne7 10. d4 Ng6 11. Nf1 exd4 12. Nxd4 Nxe4 13. Bxf7+ Rxf7 14. Rxe4 d5
15. Re2 Bd7 16. Qd3 c5 17. Nf3 Bf5 18. Qe3 Qd6 19. N1h2 h6 20. b3 Raf8 21. Ba3
Be4 22. Rd1 Nf4 23. Red2 Nxh3+ 24. Kf1 Nf4 25. c4 Qg6 26. g3 d4 27. Qe1 Nd3 28.
Nh4 Qxg3 0-1